000 00255nam a22000977a 4500
999 _c11254
_d11254
008 181204b ||||| |||| 00| 0 eng d
020 _a9788175993143
100 _aAbbot Jacob
_97002
245 _aAlexander The Great
260 _aNew delhi
_bPrakash Books
_c2017